Регионална библиотека "Любен Каравелов" - Русе

Хубава си, моя горо (Запис номер 306370)

MARC детайли
000 -Лидер
Контролно поле с фиксирана дължина 00646nja a2200193 a 4500
003 - Код на организацията, давaща контролен номер
Контролно поле BLK
005 - Дата и час на последна редакция
Контролно поле 20230401030319.0
008 - Елементи от данни с фиксирана дължина
fixed length control field 180414c bul|r|ner|||| 00| c0bul d
010 ## - Наследен системен номер
LC control number NOT00001865006
040 ## - Източник на каталожния запис
Идентификатор на билиотеката - собственик на записа BLK
245 10 - Сведения за заглавието
Заглавие Хубава си, моя горо
Редно поле (дума) музика и текст Любен Стойчев Каравелов.
257 ## - Страна на издаване
Страна на създаване/издаване България
380 ## - Жанр
Жанр Изкуство
773 ## - Описание на основна библиографска единица при аналитични записи (многотомни)
Host Biblionumber 306364
Host Itemnumber 658223
Заглавие Вечните песни на България
852 ## - Местоположение
Форматна сигнатура Цб М ІІ 9601
942 ## - АРТИКУЛИ
Вид на библиотечния материал Нотни издания
Скрит в OPAC Не
944 ## - СЪЗДАВАНЕ И РЕДАКЦИЯ на ЗАПИСА
Създаване/Редакция Създаване
Дата на регистрацията/редакция 18.04.2005
Служител, извършил регистрацията/редакцията Ирена_Линкова
944 ## - СЪЗДАВАНЕ И РЕДАКЦИЯ на ЗАПИСА
Създаване/Редакция Редакция
Дата на регистрацията/редакция 15.05.2010
Служител, извършил регистрацията/редакцията
999 ## - СИСТЕМНИ КОНТРОЛНИ НОМЕРА
Koha biblionumber 306370
Koha biblioitemnumber 306370
Наличности
Код за отписване Код за изгубен артикул Код за повреда Коз за рестрикции Код за отдаване Артикулен № Име на библиотеката - собственик Име на библиотеката, в която се намира в момента Статус (Текущо местоположение) Дата на вписване в системата Местоположение - отдел Цена в лева Инвентарен номер Систематично азбучна сигнатура Баркод Номер на екземпляра Цена в евро Служебна бележка Служебен тип на артикула Бележка за публиката
  Не е изгубен Не е повреден само за читалня ползва се в читалня 658229 Регионална библиотека "Любен Каравелов" Русе Регионална библиотека "Любен Каравелов" Русе Аналитични записи 2018-04-14 Аналитични записи 0.00 900600001865 Цб М II 9601 900600001865 6 0.00 аналитичен запис Статия Това е описние на част от артикул: Вечните песни на България
Vip Innovations Ltd, Rousse, Bulgaria 2025